Statistics for League of Legends Skins

Click here to take the quiz!

General Stats

  • This quiz has been taken 39 times
  • The average score is 8 of 16

Answer Stats

Answer% Correct
Dark Star Karma
81%
High Noon Senna
78%
Santa Braum
69%
Black Alistar
64%
Corporate Mundo
64%
Soulstealer Vayne
64%
Coven Akali
61%
Victorious Morgana
50%
Jurassic Cho'Gath
44%
Deep Terror Thresh
36%
Snow Bunny Nidalee
36%
Beezcrank
33%
Dark Crystal Ryze
33%
Gothic Orianna
31%
Pumpkin Prince Amumu
17%
Nexus Hunter Anivia
6%

Score Distribution

Percentile by Number Answered

Percent of People with Each Score

Your Score History

You have not taken this quiz